| 000 | 00435nam a22001337a 4500 | ||
|---|---|---|---|
| 003 | 0 | ||
| 005 | 20230314144041.0 | ||
| 008 | 230314b xxu||||| |||| 00| 0 eng d | ||
| 050 |
_aHD 60 _b.D56 2022 |
||
| 245 |
_aCleandipity _cSamantha Kyla S. Dimaandal, Jacquiline O. Macalima, Quinnie P. Nandang |
||
| 260 |
_aLas Pinas City _bSouthville International School and Colleges _cC2022 |
||
| 300 |
_aix,158pp. _c28cm. _fTheses |
||
| 942 |
_2lcc _cTH |
||
| 999 |
_c364949 _d364949 |
||